Every NFL Teams Leading Passer in the 2010s - Statistics

General Stats
  • This quiz has been taken 165 times
  • The average score is 29 of 32
Answer Stats
Team Yards QB % Correct
GBP 38,145 Aaron Rodgers
100%
NOS 46,770 Drew Brees
100%
NYG 38,379 Eli Manning
100%
BAL 31,661 Joe Flacco
100%
DET 38,758 Matthew Stafford
100%
ATL 44,830 Matt Ryan
100%
DEN 17,112 Peyton Manning
100%
SEA 29,734 Russell Wilson
100%
NEP 43,727 Tom Brady
100%
PIT 37,243 Ben Roethlisberger
99%
CAR 29,041 Cam Newton
99%
LAC 44,320 Philip Rivers
99%
DAL 19,138 Tony Romo
96%
LVR 22,793 Derek Carr
95%
KAN 17,608 Alex Smith
93%
IND 23,671 Andrew Luck
92%
CIN 31,594 Andy Dalton
91%
LAR 14,219 Jared Goff
91%
TBB 19,737 Jameis Winston
90%
MIA 20,434 Ryan Tannehill
90%
WAS 16,206 Kirk Cousins
89%
MIN 7,901 Kirk Cousins
89%
PHI 14,191 Carson Wentz
88%
ARI 16,782 Carson Palmer
86%
JAX 17,646 Blake Bortles
84%
CHI 19,777 Jay Cutler
83%
SFF 12,271 Colin Kaepernick
73%
HOU 13,167 Matt Schaub
72%
CLE 7,552 Baker Mayfield
69%
BUF 10,232 Ryan Fitzpatrick
69%
TEN 13,207 Marcus Mariota
66%
NYJ 9,648 Mark Sanchez
64%
No matching quizzes found
Score Distribution
Percent of People with Each Score
Percentile by Number Answered
Your Score History
You have not taken this quiz